Kós Károly Sztambulban
Elmentve itt :
| Szerző: | |
|---|---|
| Adatforrás: | Meister |
| Forrásdokumentuma: | Korunk. - 7 sz., 1991, 836-847 p. |
| Nyelv: | magyar |
| Kulcsszavak: | művelődéstörténet Isztambul KÓS Károly |
| LEADER | 00375nab a2200145 i 4500 | ||
|---|---|---|---|
| 001 | bibPRO00001940 | ||
| 008 | 060524s1991 xx hun | ||
| 040 | |a Sz1 | ||
| 041 | |a hun | ||
| 100 | 1 | |a NAGY György | |
| 245 | 1 | 0 | |a Kós Károly Sztambulban |c NAGY György |
| 695 | |a művelődéstörténet | ||
| 695 | |a Isztambul | ||
| 695 | |a KÓS Károly | ||
| 773 | 0 | |t Korunk. - |g 7 sz., 1991, 836-847 p. | |